Innovación empresarial (Registro nro. 1936)

Detalles MARC
000 -CABECERA
Longitud fija campo de control 00645nam a22002177a 4500
003 - IDENTIFICADOR DELl NÚMERO DE CONTROL
Identificador del número de control OSt
005 - FECHA Y HORA DE LA ÚLTIMA TRANSACCIÓN
Fecha y hora de la última transacción 20150810180003.0
008 - CÓDIGOS DE INFORMACIÓN DE LONGITUD FIJA
Códigos de información de longitud fija 130827b2008 col spa
020 ## - NÚMERO INTERNACIONAL NORMALIZADO PARA LIBROS
Número Internacional Normalizado para Libros (ISBN) 978-958-699-101-8
040 ## - FUENTE DE LA CATALOGACIÓN
Centro transcriptor BMC
082 ## - NÚMERO DE LA CLASIFICACIÓN DECIMAL DEWEY
Númeroo de clasificación 658.04
082 ## - NÚMERO DE LA CLASIFICACIÓN DECIMAL DEWEY
Númeroo de clasificación 338.064
100 1# - PUNTO DE ACCESO PRINCIPAL-NOMBRE DE PERSONA
9 (RLIN) 3970
Nombre de persona Varela V., Rodrigo
245 10 - MENCIÓN DE TÍTULO
Título Innovación empresarial
Resto del título : arte y ciencia en la creación de empresas
Mención de responsabilidad, etc. Rodrigo Varela
250 ## - MENCIÓN DE EDICIÓN
Mención de edición 3ª ed
260 ## - PUBLICACIÓN, DISTRIBUCIÓN, ETC. (PIE DE IMPRENTA)
Lugar de publicación, distribución, etc. Bogotá [etc.]
Nombre del editor, distribuidor, etc. Pearson Educación
Fecha de publicación, distribución, etc. 2008
300 ## - DESCRIPCIÓN FÍSICA
Extensión 664 p
Otras características físicas il.
Dimensiones 25 cm
Material anejo + 1 disco compacto
650 24 - PUNTO DE ACCESO ADICIONAL DE MATERIA - TÉRMINO DE MATERIA
9 (RLIN) 3969
Término de materia o nombre geográfico como elemento inicial Innovaciones tecnológicas
650 24 - PUNTO DE ACCESO ADICIONAL DE MATERIA - TÉRMINO DE MATERIA
9 (RLIN) 3341
Término de materia o nombre geográfico como elemento inicial Gestión de empresas
942 ## - ENTRADA DE ELEMENTOS AGREGADOS (KOHA)
Fuente de clasificaión o esquema Dewey Decimal Classification
Koha [por defecto] tipo de item 1- Monografias
Existencias
Suprimido Perdido Fuente de clasificación o esquema Estropeado Restricciones de uso No para préstamo Código de colección Localización permanente Localización actual Localización en estanter&íacute;as Fecha adquisición Fuente de adquisición Número de inventario Préstamos totales Signatura completa Código de barras Fecha última consulta Coste, precio reemplazado Fecha del precio de reemplazo Tipo de item de Koha Fecha último préstamo
NULL NULL Dewey Decimal Classification NULL Prestable NULL NULL Biblioteca Centro Regional de Ilobasco Biblioteca Centro Regional de Ilobasco Sala Principal 15/10/2015 UNICAES LI001211 1 658.04 VAR inn 1034459 15/10/2024 38.99 15/10/2015 1- Monografias 15/10/2024
NULL NULL Dewey Decimal Classification NULL Prestable NULL   Biblioteca Centro Regional de Ilobasco Biblioteca Centro Regional de Ilobasco Sala Principal 01/01/2010 UNICAES LI001391 2 658.04 VAR inn 1037729 30/10/2024   02/09/2016 1- Monografias 29/10/2024
NULL NULL Dewey Decimal Classification NULL Prestable NULL NULL Biblioteca Centro Regional de Ilobasco Biblioteca Centro Regional de Ilobasco Sala Principal 15/10/2015 UNICAES LI002470 1 658.04 VAR inn 1039135 20/11/2018   24/10/2016 1- Monografias 20/11/2018
NULL NULL Dewey Decimal Classification NULL Prestable NULL NULL Biblioteca Miguel de Cervantes - UNICAES Biblioteca Miguel de Cervantes - UNICAES Sala Principal 28/08/2013 Donación - Facultad de Ciencias Empresariales 002347   658.04 VAR inn 1002347 28/08/2013 38.99 28/08/2013 1- Monografias  
NULL NULL Dewey Decimal Classification NULL Prestable NULL NULL Biblioteca Miguel de Cervantes - UNICAES Biblioteca Miguel de Cervantes - UNICAES Sala Principal 28/08/2013 Donación - Facultad de Ciencias Empresariales 002348 1 658.04 VAR inn 1002348 12/05/2025 38.99 28/08/2013 1- Monografias 29/04/2025
NULL NULL Dewey Decimal Classification NULL Prestable NULL NULL Biblioteca Miguel de Cervantes - UNICAES Biblioteca Miguel de Cervantes - UNICAES Sala Principal 30/08/2013 Donación - Facultad de Ciencias Empresariales 002356 2 658.04 VAR inn 1002356 13/02/2023 38.99 30/08/2013 1- Monografias 11/02/2023
NULL NULL Dewey Decimal Classification NULL Prestable NULL NULL Biblioteca Miguel de Cervantes - UNICAES Biblioteca Miguel de Cervantes - UNICAES Sala Principal 15/10/2013 Donación - Facultad de Ciencias Empresariales 004355   658.04 VAR inn 1004355 15/10/2013 38.99 15/10/2013 1- Monografias